| 000 | 01767nam a2200421 c 4500 | ||
|---|---|---|---|
| 001 | 44882 | ||
| 003 | ES-MaCES | ||
| 005 | 20160530113921.0 | ||
| 008 | 140707s2013 po 10| | spa d | ||
| 020 | _a979897122163 | ||
| 040 |
_aES-MaCES _bspa _cES-MaCES |
||
| 041 | 0 |
_aspa _afre _aeng |
|
| 111 | 2 |
_935083 _aSeminario Internacional "Migraciones Internacionales e Impacto de la Crisis Económica, Compromisos de la OIT" _d2012 _cAlcalá de Henares (Madrid) |
|
| 245 | 0 | 0 |
_aMigraciones internacionales e impacto de la crisis económica _b: compromisos actuales _cJosé Luis Gil y Gil, dir. ; cols., Philippe Auvergnon ... [et al.] ; [recoge las ponencias presentadas al Seminario Internacional "Migraciones Internacionales e Impacto de la Crisis Económica, Compromisos de la OIT", celebrado en Alcalá de Henares el 21 de sept.] |
| 260 |
_aLisboa _bJurúa _c2013 |
||
| 300 |
_a314 p. _c21 cm |
||
| 500 | _aTextos en español, francés e inglés | ||
| 504 | _aBibliografía | ||
| 541 | _cCompra | ||
| 650 | 4 |
_amigración internacional _929805 |
|
| 650 | 4 |
_acrisis económica _927102 |
|
| 650 | 4 |
_apérdida financiera _928136 |
|
| 650 | 4 |
_aevaluación del impacto _930732 |
|
| 650 | 4 |
_aderechos humanos _927171 |
|
| 650 | 4 |
_atrabajador migrante _928408 |
|
| 650 | 4 |
_aderechos de los trabajadores _929924 |
|
| 650 | 4 |
_aigualdad de oportunidades _927183 |
|
| 650 | 4 |
_adiscriminación _927180 |
|
| 650 | 4 |
_aConvenio de la OIT _929026 |
|
| 650 | 4 |
_aactividad normativa de la OIT _930712 |
|
| 650 | 4 |
_apapel de la OIT _929112 |
|
| 650 | 4 |
_aconferencia _927013 |
|
| 653 | 1 | 0 | _aCiencias Sociales-Políticas |
| 700 | 1 |
_913401 _aGil y Gil, José Luis _edir. |
|
| 700 | 1 |
_96747 _aAuvergnon, Philippe _ecol. |
|
| 902 | _aLIB Libro | ||
| 942 |
_2CES _cBK _h7.0. |
||
| 999 |
_c44882 _d44882 |
||